000 01011nam a22002897a 4500
001 9627
003 FISKH
005 20260126142606.0
008 260126b cb ||||| |||| 00| 0 eng d
020 _a9780141439556
040 _aFISKH
_beng
_cFISKH
_dFISKH
050 _aPR4172
082 _a823.8
100 _aBrontë , Emily
245 _aWuthering heights /
_cBy Emily Brontë : Edited with an Introduction and Noted by Paulline Nestor Preface by Lucasta Miller
260 _aLondon :
_bPenguin Books ,
_c1847 .
300 _a359 pages :
_billustrations ;
_c20 cm .
505 _aW
520 _aThe passionate attachment between a headstrong young girl and a foundling boy brought up by her father causes disaster for them and many others, even in the next generation.
521 8 _a880
_bLexile
521 8 _aW
_bRaz-Plus
650 _aVictorian
_vFiction
650 _a19th Century
_vFiction
700 _aNestor , Pauline
_eEditor
942 _2ddc
_cBK
_n0
999 _c9627
_d9627